Madalas itanong hinggil sa wikang pambansa (Record no. 85097)

MARC details
000 -LEADER
fixed length control field 00804nam a22002537a 4500
003 - CONTROL NUMBER IDENTIFIER
control field URS
005 - DATE AND TIME OF LATEST TRANSACTION
control field 20250828100516.0
008 - FIXED-LENGTH DATA ELEMENTS--GENERAL INFORMATION
fixed length control field 250408b ||||| |||| 00| 0 eng d
020 ## - INTERNATIONAL STANDARD BOOK NUMBER
International Standard Book Number 9789710197385
040 ## - CATALOGING SOURCE
Transcribing agency URS
050 ## - LIBRARY OF CONGRESS CALL NUMBER
Classification number PL5507
Item number .AL62 2017
100 ## - MAIN ENTRY--PERSONAL NAME
9 (RLIN) 11172
Personal name Almario, Virgilio S.
245 ## - TITLE STATEMENT
Title Madalas itanong hinggil sa wikang pambansa
Remainder of title : Frequently asked questions on the national language
264 ## - PRODUCTION, PUBLICATION, DISTRIBUTION, MANUFACTURE, AND COPYRIGHT NOTICE
Place of production, publication, distribution, manufacture Maynila
Name of producer, publisher, distributor, manufacturer Komisyon sa Wikang Filipino
Date of production, publication, distribution, manufacture, or copyright notice ©2017
300 ## - PHYSICAL DESCRIPTION
Extent 73 pages.,:
336 ## - CONTENT TYPE
Source rdacontent
Content type term text
337 ## - MEDIA TYPE
Source rdamedia
Media type term unmediated
338 ## - CARRIER TYPE
Source rdacarrier
Carrier type term volume
650 #0 - SUBJECT ADDED ENTRY--TOPICAL TERM
9 (RLIN) 5916
Topical term or geographic name entry element Philippine languages
General subdivision History
650 #0 - SUBJECT ADDED ENTRY--TOPICAL TERM
9 (RLIN) 652
Topical term or geographic name entry element Filipino language
General subdivision History
650 #0 - SUBJECT ADDED ENTRY--TOPICAL TERM
9 (RLIN) 5916
Topical term or geographic name entry element Philippine languages
General subdivision Etymology
700 1# - ADDED ENTRY--PERSONAL NAME
9 (RLIN) 4033
Personal name Kilates, Marne
942 ## - ADDED ENTRY ELEMENTS (KOHA)
Source of classification or shelving scheme Library of Congress Classification
Koha item type Filipiniana
Holdings
Withdrawn status Source of classification or shelving scheme Damaged status Not for loan Collection code Home library Current library Date acquired Total Checkouts Full call number Barcode Date last seen Price effective from Koha item type
  Library of Congress Classification     Non-fiction Morong Graduate Library Morong Graduate Library 04/08/2025   PL5507 .AL62 2017 URSMOR-GL-5671 04/08/2025 04/08/2025 Filipiniana

University of Rizal System
Email us at univlibservices@urs.edu.ph

Visit our Website www.urs.edu.ph/library